Central Library OPAC University of Rajshahi

Population and development in SAARC / (Record no. 57768)

MARC details
000 -LEADER
fixed length control field 00724nam a2200241 a 4500
001 - CONTROL NUMBER
control field 57768
003 - CONTROL NUMBER IDENTIFIER
rucl marc code BD-RjUL
005 - DATE AND TIME OF LATEST TRANSACTION
control field 20211209080541.0
008 - FIXED-LENGTH DATA ELEMENTS--GENERAL INFORMATION
fixed length control field 961107s1996 ii a b 001 0 eng
020 ## - INTERNATIONAL STANDARD BOOK NUMBER
International Standard Book Number 8170032091
035 ## - SYSTEM CONTROL NUMBER
System control number (BD-RjUL)57892
040 ## - CATALOGING SOURCE
Original cataloging agency DLC
Transcribing agency DLC
Modifying agency BD-RjUL
Language of cataloging eng
041 ## - LANGUAGE CODE
Language code of text/sound track or separate title eng
082 ## - DEWEY DECIMAL CLASSIFICATION NUMBER
Edition number 23
Classification number 304.60954
Author mark and year NIP 1996
100 1# - MAIN ENTRY--PERSONAL NAME
Personal name Nirmala Devi, T.
9 (RLIN) 171566
245 10 - TITLE STATEMENT
Title Population and development in SAARC /
Statement of responsibility, etc. T. Nirmala Devi.
260 ## - PUBLICATION, DISTRIBUTION, ETC. (IMPRINT)
Place of publication, distribution, etc. New Delhi :
Name of publisher, distributor, etc. South Asian Publishers,
Date of publication, distribution, etc. c1996.
300 ## - PHYSICAL DESCRIPTION
Pagination 140 p. :
Illustrations ill. ;
Size 22 cm.
504 ## - BIBLIOGRAPHY, ETC. NOTE
Bibliography, etc Includes bibliographical references and index.
650 #0 - SUBJECT ADDED ENTRY--TOPICAL TERM
Topical term or geographic name as entry element Population
Geographic subdivision South Asia.
9 (RLIN) 171567
Topical term or geographic name as entry element Regional planning
9 (RLIN) 171266
942 ## - ADDED ENTRY ELEMENTS (KOHA)
Source of classification or shelving scheme Dewey Decimal Classification
Koha item type Books
Holdings
Lost status Source of classification or shelving scheme Damaged status Not for loan Collection code Permanent Location Current Location Shelving location Date acquired Source of acquisition Cost, normal purchase price Total Checkouts Full call number Date last seen Copy number Koha item type
  Dewey Decimal Classification   Not For Loan Non-fiction Central Library, University of Rajshahi Central Library, University of Rajshahi Reading Room 21/12/1999 Dhaka,Paragon Enterprise Lit., 152.62   304.60954 NIP 1996 11/12/2016 C-1 Books